| 000 | 00566cam a22001817a 4500 | ||
|---|---|---|---|
| 020 | _a9789251068038 | ||
| 020 | _a9251068038 | ||
| 040 | _cBTCTA | ||
| 082 | _a338 FOO 2011 A015 Or. | ||
| 245 | 0 | 0 | _aSafeguarding food security in volatile global markets / |
| 260 |
_aRome : _bFood and Agriculture Organization of the United Nations, _c2011. |
||
| 300 |
_axxii, 594 p. : _bcol. ill. ; _c25 cm. |
||
| 650 | 0 | _aFood prices. | |
| 650 | 0 | _aFood security | |
| 700 | 1 | _aPrakash, Adam. | |
| 710 | 2 | _aFood and Agriculture Organization of the United Nations. | |
| 942 | _cEK | ||
| 999 |
_c11585 _d11585 |
||